000 00576nam a2200217Ia 4500
008 101110s9999 xx 000 0 und d
041 _aENGLISH
082 _bSR34229
100 _aShroff Adarsh
245 _aMathematical & statistical physics TYBSC
260 _c2010
_bSheth pub pvt ltd, Mumbai
300 _a192
365 _b100
520 _aMathematics
546 _aENGLISH
630 _aMathematical & statistical physics TYBSC
650 _aMathematics
655 _aMathematics
730 _aMathematical & statistical physics TYBSC
942 _cBOOK
999 _c826730
_d826727